000 00642nam a2200229Ia 4500
003 OSt
005 20220918210251.0
006 a|||||r|||| 00| 0
007 ta
008 220917b |||||||| |||| 00| 0 eng d
024 _a119,880
037 _cTextual
040 _aARTS
_cARTS
_beng
041 _2eng
_aeng
082 _aV73,1:8.N7, L4.1-.3
100 _aGoldsmith Willam M
_9117671
245 0 _aGrowth of Presidential power
_b A documented history
260 _aNew York
_bChelsa House
_c1974
650 _aHISTORY
942 _hV73,1:8.N7, L4.1-.3
_cTEXL
_2CC
999 _c243139
_d243139